000 00711nam a22002057a 4500
999 _c20077
_d20077
003 AR-CdUCM
008 190525b ||||| |||| 00| 0 spa d
040 _aMUNICIPALIDAD PROVINCIAL DEL CUSCO
_cBIBLIOTECA MUNICIPAL DEL CUSCO
082 _a720.98503 /
_bP85
245 _aPresencia de la arquitectura virreynal de Lima /
260 _aLima :
300 _c19 cm.
500 _aSin enumeración
505 _aContenido: Nacimiento de lima -- Desarrollo de la ciudad -- La plaza mayor -- La catedral -- Los portales...
650 _aLima virreynal
_941999
650 _aHistoria limeña
_942000
700 _aKauffmann Doig, Federico(epílogo)
_942001
942 _2ddc
_cLIBROS
945 _aAndy
_d2019-05-25